Orientación psicopedagógica y calidad educativa

Guardat en:
Dades bibliogràfiques
Autor principal: Sanz Oro, Rafael (Autor)
Format: Llibre
Idioma:espanyol
Publicat: Madrid Pirámide 2001
Edició:1a. ed
Col·lecció:Colección Psicología. Serie Pedagogía
Matèries:
Etiquetes: Afegir etiqueta
Sense etiquetes, Sigues el primer a etiquetar aquest registre!

MARC

LEADER 00000nam a2200000 a 4500
001 UCK1729
003 CL-VaPUC
008 041126e20010000SP |||||||||||||||||spa|d
020 |a 8436815769 
082 0 4 |a 371.4  |b SAN  |2 21 
100 0 |a Sanz Oro, Rafael  |e author  |9 489572 
245 1 0 |a Orientación psicopedagógica y calidad educativa 
250 |a 1a. ed 
300 |a 279 p 
942 |c BK 
945 |d 20041126 00:00:00  |a vberengu 
260 |a Madrid  |b Pirámide  |c 2001 
650 0 |a Psicología educacional   |9 307830 
650 7 |a ORIENTACION EDUCACIONAL  |2 CL-VaPUC  |9 312512 
583 |a last modification  |c 20041126 00:00:00  |k Rodrigo Vera 
490 0 |a Colección Psicología. Serie Pedagogía 
999 |c 311543  |d 311541 
952 |0 0  |1 0  |4 0  |6 371_400000000000000_SAN_2001  |7 0  |8 A  |9 380993  |a BIBEDU  |b BIBEDU  |d 2019-11-21  |i 4081862  |o 371.4 SAN 2001  |p 4081862  |r 2019-11-21  |w 2019-11-21  |y BK  |k EBA